Curso de física; parte segunda. óptica-electricidad /

Guardado en:
Autor Principal: Martín, G.
Formato: Libro
Publicado: Buenos Aires : El Ateneo, 1953
Edición:13a. ed.
Materias:
Etiquetas: Agregar Etiqueta
Sin Etiquetas, Sea el primero en etiquetar este registro!
LEADER 00784nam a22002295a 4500
001 CEM.cems004172
005 20060216000000.0
008 130507s1953##################000#0#####d
003 CEMS
082 0 4 |a 530 
100 1 |a Martín, G. 
245 1 0 |a Curso de física; parte segunda. óptica-electricidad / 
250 |a 13a. ed. 
260 |a Buenos Aires :  |b El Ateneo,  |c 1953 
300 |a 313 p. 
505 0 |a Estatica. Cinematica. Dinamica. Hidrostatica. Neumostatica. Termometria. Calorimetria. Acustica. APENDICE: Hidrodinamica. Cohetes y satelites. Relatividad. Guia de trabajos practicos. 
653 |a Electricidad 
653 |a Física 
653 |a Física 4to. año 
653 |a Magnetismo 
653 |a Optica 
859 |a CEMS  |b BIB. CEMS - 11 de abril  |h 530  |i M363a13/II  |p 9607.81  |t Ej.1